Textiles indígenas (Record no. 10228)

MARC details
000 -CABECERA
campo de control de longitud fija 01142nam a2200313 a 4500
001 - NÚMERO DE CONTROL
campo de control BRL_1418
005 - FECHA Y HORA DE LA ÚLTIMA TRANSACCIÓN
campo de control 20190320211208.0
008 - DATOS DE LONGITUD FIJA--INFORMACIÓN GENERAL
campo de control de longitud fija 130114s1996----mx-ao#####---#000-0#esp-#
020 ## - NÚMERO INTERNACIONAL ESTÁNDAR DEL LIBRO
Número Internacional Estándar del Libro 9687327096
041 ## - CÓDIGO DE LENGUA
Código de lengua del texto/banda sonora o título independiente esp
044 ## - CÓDIGO DEL PAÍS DE LA ENTIDAD EDITORA/PRODUCTORA
Código MARC del país mx
050 #4 - SIGNATURA TOPOGRÁFICA DE LA BIBLIOTECA DEL CONGRESO
Número de clasificación F1219.3
Número de documento/Ítem .T49 1996
245 10 - MENCIÓN DE TÍTULO
Título Textiles indígenas
Resto del título patrimonio cultural de México
Mención de responsabilidad, etc. investigación Dora Sierra Carrillo ; colaboración Gilda Velázquez Corichi ; fotografías Enrique Bostelman...[et al.]
260 ## - PUBLICACIÓN, DISTRIBUCIÓN, ETC.
Lugar de publicación, distribución, etc. México
Nombre del editor, distribuidor, etc. Fundación cultural Serfin
Fecha de publicación, distribución, etc. 1996
300 ## - DESCRIPCIÓN FÍSICA
Extensión 63 p.
Otras características físicas il.
Dimensiones 26 cm.
500 ## - NOTA GENERAL
Nota general Au1627
500 ## - NOTA GENERAL
Nota general Incluye glosario
500 ## - NOTA GENERAL
Nota general Contiene la invitación de la exposición.
504 ## - NOTA DE BIBLIOGRAFÍA, ETC.
Nota de bibliografía, etc. bilbliografía: p. 61-63
650 14 - PUNTO DE ACCESO ADICIONAL DE MATERIA--TÉRMINO DE MATERIA
Término de materia o nombre geográfico como elemento de entrada Indígenas de México
Subdivisión de forma Catálogos
Subdivisión general Indumentaria
Subdivisión geográfica México
9 (RLIN) 26840
650 14 - PUNTO DE ACCESO ADICIONAL DE MATERIA--TÉRMINO DE MATERIA
Término de materia o nombre geográfico como elemento de entrada Industría textil indígena
Subdivisión de forma Catálogos
Subdivisión geográfica México
9 (RLIN) 26841
650 14 - PUNTO DE ACCESO ADICIONAL DE MATERIA--TÉRMINO DE MATERIA
Término de materia o nombre geográfico como elemento de entrada Telas
Subdivisión de forma Catálogos
Subdivisión geográfica México
9 (RLIN) 26842
650 14 - PUNTO DE ACCESO ADICIONAL DE MATERIA--TÉRMINO DE MATERIA
Término de materia o nombre geográfico como elemento de entrada Indumentaria
Subdivisión de forma Catálogos
Subdivisión geográfica México
9 (RLIN) 26843
700 1# - PUNTO DE ACCESO ADICIONAL--NOMBRE DE PERSONA
Nombre de persona Sierra Carrillo, Dora
9 (RLIN) 26844
700 1# - PUNTO DE ACCESO ADICIONAL--NOMBRE DE PERSONA
Nombre de persona Velázquez Corichi, Gilda
9 (RLIN) 26845
700 1# - PUNTO DE ACCESO ADICIONAL--NOMBRE DE PERSONA
Nombre de persona Bostelmann, Enrique
Término indicativo de función/relación il.
9 (RLIN) 26846
902 ## - CATALOGADOR
Iniciales GRL
942 ## - ELEMENTOS DE PUNTO DE ACCESO ADICIONAL (KOHA)
Fuente del sistema de clasificación o colocación Library of Congress Classification
Tipo de ítem Koha Libros
Holdings
Estado de retiro Estado de pérdida Estado dañado No para préstamo Localización permanente Ubicación/localización actual Fecha de adquisición Número de inventario Total de préstamos Signatura topográfica completa Código de barras Fecha visto por última vez Precio válido a partir de Tipo de ítem Koha
El ejemplar forma parte de la colección y puede ser consultado según las políticas vigentes.       Biblioteca Centro de Estudios Ruth D. Lechuga Biblioteca Centro de Estudios Ruth D. Lechuga 13/01/2014 Au1627   F1219.3 .T49 1996 (Au1627) GRL01576 22/03/2019 22/03/2019 Libros